[Event "Bohumin op 5th"]
[Site "Bohumin"]
[Date "2022.07.07"]
[Round "6"]
[White "Prikladov, Vladimir"]
[Black "Kolar, Stanislav"]
[Result "0-1"]
[WhiteElo "1397"]
[BlackElo "1964"]
[PlyCount "62"]
[EventDate "2022.07.02"]
[EventType "swiss"]
[EventRounds "9"]
[EventCountry "CZE"]
[SourceTitle "CBM 209 Extra"]
[Source "ChessBase"]
[SourceDate "2022.09.30"]
[SourceVersion "1"]
[SourceVersionDate "2022.09.30"]
[SourceQuality "1"]

1. e4 c5 2. Bc4 Nc6 3. d3 Nf6 4. Nc3 e6 5. Bg5 Be7 6. Nf3 h6 7. Bh4 d5 8. exd5 exd5 9. Bb5 d4 10. Bxc6+ bxc6 11. Nb1 Nh5 12. Bg3 Bg4 13. h3 Nxg3 14. fxg3 Be6 15. b3 Qc7 16. Kf2 Bd6 17. g4 Bg3+ 18. Kf1 0-0 19. Nbd2 Bd5 20. Kg1 Rae8 21. Nf1 Re7 22. h4 Rfe8 23. Rh3 Bf4 24. g5 Be6 25. Rh1 h5 26. N1d2 Bf5 27. Ne4 Bxe4 28. dxe4 Rxe4 29. Qd3 g6 30. Rf1 Be3+ 31. Rf2 Qg3 0-1